Geography Quiz

Random Geography or Flags Quiz

European Country by Coat of Arms Quiz Stats

 Plays Quiz Updated Jan 30, 2015

Challenge
Share
Tweet
Score 0/47 Timer 10:00
13 Plays Today
# Country % Correct
25Switzerland
87.9%
23Turkey
80.9%
1Austria
79.1%
8Germany
77.5%
33Italy
72.4%
13Croatia
72.1%
2Spain
71.4%
9Iceland
69.7%
18Ireland
65.6%
4United Kingdom
63%
46Albania
62.8%
11Bosnia and Herzegovina
58.6%
43Slovakia
57.1%
22Malta
56%
30Kosovo
55.8%
16Portugal
55.3%
38Greece
53.3%
20Slovenia
50.6%
37Vatican City
48.6%
10Belarus
46.4%
3Belgium
45.2%
28Poland
45.1%
5Andorra
41.5%
15Ukraine
39.5%
# Country % Correct
17Cyprus
39.1%
41Hungary
36.9%
12Russia
36.8%
6Moldova
33.9%
34Czechia
33.2%
31San Marino
28.9%
45France
28.5%
21Finland
27.3%
40Norway
26.9%
26Lithuania
26.5%
27Sweden
26.2%
36Denmark
25.9%
35Serbia
25.2%
19Montenegro
24.4%
32Macedonia
23.4%
47Netherlands
22.7%
24Estonia
22%
44Romania
21.7%
39Luxembourg
21.4%
14Liechtenstein
20.2%
42Monaco
20%
7Latvia
19.5%
29Bulgaria
17.1%

You're not logged in!

Compare scores with friends on all Sporcle quizzes.
Join for Free
OR
Log In

You Might Also Like...

Show Comments

Extras

Top Quizzes Today


Score Distribution

Your Account Isn't Verified!

In order to create a playlist on Sporcle, you need to verify the email address you used during registration. Go to your Sporcle Settings to finish the process.

Report this User

Report this user for behavior that violates our Community Guidelines.

Details: